Nonlinear problems of analysis in geometry and mechanics

Enregistré dans:
Détails bibliographiques
Auteurs principaux: Atteia, M (Auteur), Bancel, D (Auteur), Gumowski, Igor (Auteur)
Format: Livre
Langue:anglais
Publié: Boston Pitman Advanced Publishing Program 1981
Collection:Research Notes in Mathematics, 46
Sujets:
Tags: Ajouter un tag
Pas de tags, Soyez le premier à ajouter un tag!

MARC

LEADER 00000nam a2200000 a 4500
001 UCP2295
003 CL-VaPUC
008 990507e19810000US |||||||||||||||||eng|d
082 0 4 |a 515  |b ATT  |2 21 
100 0 |a Atteia, M  |e author  |9 428935 
700 0 |a Bancel, D  |e author  |9 428936 
700 |a Gumowski, Igor  |e author  |9 424962 
245 1 0 |a Nonlinear problems of analysis in geometry and mechanics 
300 |a 208 p 
942 |c BK 
945 |d 19990507 00:00:00  |a crobeson 
260 |a Boston  |b Pitman Advanced Publishing Program  |c 1981 
650 0 |a Análisis matemático   |9 260146 
650 0 |a Geometría diferencial   |9 315147 
650 7 |a ELASTICIDAD NO LINEAL  |2 CL-VaPUC  |9 428938 
650 0 |a Ecuaciones no lineales  |9 343071 
650 7 |a ECUACIONES ELIPTICAS  |2 CL-VaPUC  |9 424132 
650 0 |a Ecuaciones hiperbólicas   |9 425022 
583 |a last modification  |c 19990507 00:00:00  |k Rodrigo Vera 
490 0 |a Research Notes in Mathematics, 46 
999 |c 280848  |d 280846